| 000 | 00537cam a2200217 4500 | ||
|---|---|---|---|
| 008 | #DATE n2001 000 0 eng u | ||
| 020 | _a1843111365 | ||
| 022 | _a01415875 | ||
| 035 | _a(Sirsi) u119341 | ||
| 041 | _aeng | ||
| 050 | _a690.026 | ||
| 245 | _aBuilding law reports : 2001 | ||
| 260 |
_aLondon _bLLP _c2001 |
||
| 300 |
_ax,543p. _c25cm. |
||
| 350 | _a0 | ||
| 650 | _aBUILDING LAW REPORTS | ||
| 650 | _aCONSTRUCTION INDUSTRY | ||
| 650 | _aLAW REPORTS | ||
| 690 | _aBUILDING AND CONSTRUCTION-CASE LAW | ||
| 942 | _n0 | ||
| 999 |
_c102288 _d102288 |
||